00711cam a2200217 a 4500008004100000020002300041100002200064245009300086260004800179300003500227440004400262504004100306500002000347650003700367650002700404700001600431700001900447003000100466005001700467040000900484  a0195044029 (hbk. )1 aKobayashi, Shiro-10aMetal forming and the finite-element method /cShiro Kobayashi, Soo-Ik Oh, Taylan Altan. aNew York :bOxford University Press,c1989. axvii, 377 p. :bill. ;c25 cm. 0aOxford series on advanced manufacturing aIncludes bibliographical references. aIncludes index. 0aMetal-workxMathematical models. 0aFinite element method.1 aOh, Soo-Ik.1 aAltan, Taylan.20230123133245.0 cNUST